| 000 | 00892nam a2200253 a 4500 | ||
|---|---|---|---|
| 001 | 000018576 | ||
| 005 | 20200929165827.0 | ||
| 008 | 100511s1986 sp a 000 d spa d | ||
| 020 | _a8420727474 | ||
| 040 |
_aDO-SdBNP _bspa _cBNPHU |
||
| 082 |
_a862.3 _bV422caba |
||
| 100 | 1 |
_aVega, Lope de, _d1562-1635 _93084 |
|
| 245 | 1 | 3 |
_aEl Caballero de Olmedo / _cLope de Vega ; edición, introducción, notas, comentarios y apéndice de Ignacio Sáez Jiménez. |
| 260 |
_aMadrid : _bAnaya, _c1986. |
||
| 300 |
_a183, [1] p. : _bil. ; _c19 cm. |
||
| 490 | 1 |
_aBiblioteca didáctica Anaya _v17 |
|
| 500 | _aIncluye notas al pie de las páginas. | ||
| 650 | 4 |
_aTeatro español _xHistoria y crítica _ySIGLO XVI _940174 |
|
| 650 | 4 |
_aLiteratura española _9632 |
|
| 700 | 1 |
_aSáez Jiménez, Ignacio, _eed. _940175 |
|
| 830 | 0 |
_aBiblioteca didáctica Anaya ; _v17 _98965 |
|
| 910 | _aWM | ||
| 049 | _aBNGR | ||
| 999 |
_c18096 _d18096 |
||